| 000 | 00419cam a2200181 4500 | ||
|---|---|---|---|
| 001 | D6555 | ||
| 008 | 090401t1969 xxu||||| |||| 00| 0 eng d | ||
| 035 | _a(Sirsi) u1447 | ||
| 041 | _aeng | ||
| 050 | _a333.0062 | ||
| 100 | _aLawrance, D.M. | ||
| 245 | 4 | _aThe College of Estate Management 1919-1969 | |
| 260 |
_aLondon _bCEM _c1969 |
||
| 300 | _a92p. ill. 22cm | ||
| 350 | _a0 | ||
| 942 | _n0 | ||
| 948 | _c04/03/1997 | ||
| 999 |
_c85670 _d85670 |
||